| 000 | 00683cab a2200229 4500 | ||
|---|---|---|---|
| 001 | WB3140-23 | ||
| 008 | 090401t1995 xxu||||| |||| 00| 0 eng d | ||
| 035 | _a(Sirsi) u9112 | ||
| 041 | _aeng | ||
| 245 | _aWindows 95 for estate agents | ||
| 260 | _c1995 | ||
| 350 | _a0 | ||
| 490 |
_aEstate Agent _vOctober 1995, 19(1) |
||
| 520 | _aExamines the benefits of Windows 95 for estate agents, from the multi-tasking facility to the ability to have long file names. | ||
| 650 | _aCOMPUTING | ||
| 650 | _aESTATE AGENCY | ||
| 650 | _aMULTI-TASKING | ||
| 650 | _aWINDOWS 95 | ||
| 690 | _aMANAGEMENT-BUSINESS MANAGEMENT-INFORMATION MANAGEMENT | ||
| 942 | _n0 | ||
| 948 | _c04/03/1997 | ||
| 999 |
_c5647 _d5647 |
||